Resistance to new technology : nuclear power, information technology and biotechnology

Αποθηκεύτηκε σε:
Λεπτομέρειες βιβλιογραφικής εγγραφής
Άλλοι συγγραφείς: Bauer, Martin W. (Επιμελητής έκδοσης)
Μορφή: Βιβλίο
Γλώσσα:English
Δημοσίευση: Cambridge : Cambridge University Press, c1997
Θέματα:
Ετικέτες: Προσθήκη ετικέτας
Δεν υπάρχουν, Καταχωρήστε ετικέτα πρώτοι!

MARC

LEADER 00000nam a2200000 i 4500
001 1/24817
008 981202s1997 eng d
020 |a 0-521-59948-2 
035 |l 10037181 
040 |a GR-MY-UA  |b gre  |e aacr 
041 0 |a eng 
082 0 |a 303.483 
245 1 0 |a Resistance to new technology :  |b nuclear power, information technology and biotechnology /  |c edited by Martin Bauer 
260 |a Cambridge :   |b Cambridge University Press,   |c c1997 
300 |a 422 p. 
500 |a Papers from a three-day conference held at the Science Museum, London, 5-7 April 1993 
504 |a Includes index 
650 0 0 |a Technology assessment  |x Congresses. 
650 0 0 |a Technology assessment  |z Europe  |x Congresses. 
650 0 0 |a Nuclear energy  |x Social aspects  |x Congresses. 
650 0 0 |a Information technology  |x Social aspects  |x Congresses. 
650 0 0 |a Biotechnology  |x Social aspects  |x Congresses. 
700 1 |a Bauer, Martin W.  |4 edt 
852 |a INST  |b LESVOS  |e 19981202  |h 303.483 RES  |p 005100017361  |q 005100017361  |t BK  |y 0 
901 |a BIBL-1999-1 
909 |a Λ  |b 060901 
922 |a 1ΕΛΗ  |b 199811  |c ΚΠΣ/ΤΚ  |d ΠΑΠΑΣΩΤΗΡΙΟΥ 
950 |a 103-1998-07-27